| 000 | 00691cam a2200265 4500 | ||
|---|---|---|---|
| 005 | 20260322212100.0 | ||
| 008 | data | ||
| 010 | _a 73577959 | ||
| 015 | _aB70-25538 | ||
| 020 | _a0854562567 | ||
| 020 | _a9780854562565 | ||
| 040 |
_aDLC _cDLC _dDLC _dOCoLC _dDLC |
||
| 050 | 0 | 0 |
_aPR6056.R27 _bRat _aPR6056.R27 |
| 082 | 0 | 0 | _a823/.9/14 |
| 100 | 1 | _aFrancis, Dick. | |
| 245 | 1 | 0 |
_aRat race. _cDick Francis. |
| 250 | _aLarge print edition. | ||
| 260 |
_aLeicester, U.K. : _bUlverscroft, _c1970. |
||
| 300 |
_a365 p. _c21 cm. |
||
| 350 | _a30/- | ||
| 650 | 0 |
_aHorse racing _xFiction. |
|
| 655 | 7 |
_aDetective and mystery stories. _2gsafd |
|
| 655 | 7 |
_aAdventure stories. _2gsafd |
|
| 001 | data | ||
| 999 |
_c1449 _d1449 |
||